Fr. Conceicao Rodrigues College of Engineering

Mechanics Of Machine (Record no. 26659)

MARC details
000 -LEADER
fixed length control field 00269nam a2200133Ia 4500
082 ## - DEWEY DECIMAL CLASSIFICATION NUMBER
Classification number 621.8
Item number Han/Ste
100 ## - MAIN ENTRY--PERSONAL NAME
Personal name Hannah John
245 ## - TITLE STATEMENT
Title Mechanics Of Machine
260 ## - PUBLICATION, DISTRIBUTION, ETC.
Name of publisher, distributor, etc. Edwerd Arnold
546 ## - LANGUAGE NOTE
Language note ENGLISH
654 ## - SUBJECT ADDED ENTRY--FACETED TOPICAL TERMS
Focus term Mechanics
942 ## - ADDED ENTRY ELEMENTS (KOHA)
Koha item type BOOK
Holdings
Withdrawn status Lost status Damaged status Not for loan Collection Home library Current library Shelving location Date acquired Total Checkouts Full call number Barcode Date last seen Price effective from Koha item type
        AFT Fr. Agnel's C.Rodrigues College of Engineering Fr. Agnel's C.Rodrigues College of Engineering   17/03/2023   621.8 Han/Ste AFT3832 17/03/2023 17/03/2023 BOOK